| 000 | 00466nam a2200181Ia 4500 | ||
|---|---|---|---|
| 001 | 4134 | ||
| 005 | 20260306145733.0 | ||
| 008 | 260306t2008||||xx |||||||||||||| ||spa|| | ||
| 041 | _aESP | ||
| 082 |
_a306.85 _bR75 T. 2 |
||
| 100 |
_aRodríguez Canales, José Manuel, 1965- _eAUT |
||
| 245 | 0 |
_aFamilia hoy: _bvida espiritual en el matrimonio |
|
| 260 | _c2008 | ||
| 300 |
_a137 páginas : _c22 cm. |
||
| 650 | _aGEN | ||
| 654 | _aCED | ||
| 942 |
_cLIB _dJUS _fJUS _2ddc _n |
||
| 999 |
_c4134 _d4134 |
||